International taxation and the extractive industries
Salvato in:
| Ente Autore: | |
|---|---|
| Altri autori: | , , |
| Natura: | Libro |
| Lingua: | inglese |
| Pubblicazione: |
Abingdon
Routledge/Taylor & Francis Group
2017
|
| Serie: | Routledge studies in development economics
|
| Soggetti: | |
| Tags: |
Nessun Tag, puoi essere il primo ad aggiungerne!!
|
MARC
| LEADER | 00000nam a2200000 4500 | ||
|---|---|---|---|
| 001 | 0222890 | ||
| 005 | 20240221111347.8 | ||
| 020 | |a 978-1-138-99962-6 | ||
| 041 | 0 | |a eng | |
| 044 | |a GB | ||
| 245 | 1 | 0 | |a International taxation and the extractive industries |c edited by Philip Daniel ... [et al.] |
| 264 | 1 | |a Abingdon |b Routledge/Taylor & Francis Group |c 2017 | |
| 300 | |a xvi, 364 s. | ||
| 490 | 1 | |a Routledge studies in development economics | |
| 830 | 0 | |a Routledge studies in development economics | |
| 610 | 2 | 0 | |a zdaňovanie medzinárodné |
| 610 | 2 | 0 | |a spolupráca medzinárodná |
| 610 | 2 | 0 | |a zdroje energetické |
| 610 | 2 | 0 | |a zdroje energie prírodné |
| 610 | 2 | 0 | |a ropa |
| 700 | 1 | |a Daniel, Philip | |
| 700 | 1 | |a Keen, Michael | |
| 700 | 1 | |a Świstak, Artur | |
| 710 | 2 | |a International Monetary Fund | |